James Gunn Cast - Sudden Death - Statistics

General Stats
  • This quiz has been taken 41 times
  • The average score is 14 of 24
Answers on the Grid
Answers color-coded by a green-red scale on the quiz's grid according to % correct below.
Bradley Cooper
Michael Rooker
Matthew McConaughey
Finn Wolfhard
Lee Pace
Steven Yeun
Josh Brolin
Glenn Close
Chris Pratt
Liv Tyler
Alice Braga
Michael Pena
Dave Bautista
Dolph Lundgren
50 Cent
Sylvester Stallone
Kurt Russell
Paz Vega
Lea Thompson
Rob Zombie
Daniel Kaluuya
Djimon Hounsou
Nicholas Hoult
Idris Elba
John C. Reilly
Linda Cardellini
Alden Ehrenreich
David Corenswet
Alison Pill
Margot Robbie
Jesse Eisenberg
Bruce Willis
Seth Green
Rainn Wilson
Method Man
Pom Klementieff
Michelle Yeoh
Anna Kendrick
Kevin Bacon
 
Answer Stats
Answer % Correct
Bradley Cooper
91%
Chris Pratt
91%
Michael Rooker
86%
Kurt Russell
77%
Sylvester Stallone
77%
Dave Bautista
73%
Idris Elba
73%
John C. Reilly
73%
Kevin Bacon
73%
Pom Klementieff
68%
David Corenswet
64%
Glenn Close
64%
Djimon Hounsou
59%
Josh Brolin
59%
Lee Pace
59%
Margot Robbie
50%
Nicholas Hoult
50%
Rainn Wilson
50%
Michelle Yeoh
45%
Linda Cardellini
41%
Seth Green
36%
Alice Braga
27%
Liv Tyler
18%
Rob Zombie
18%
No matching quizzes found
Score Distribution
Percent of People with Each Score
Percentile by Number Answered
Your Score History
You have not taken this quiz